[Event "Stuttgart-chB op"]
[Site "Ditzingen"]
[Date "2015.05.17"]
[Round "7"]
[White "Schmitz, Harald"]
[Black "Dendic, Amar"]
[Result "0-1"]
[WhiteElo "1701"]
[BlackElo "1449"]
[PlyCount "108"]
[EventDate "2015.05.17"]
[EventType "swiss"]
[EventRounds "7"]
[EventCountry "GER"]
[SourceTitle "EXT 2018"]
[Source "ChessBase"]
[SourceDate "2017.10.13"]
[SourceVersion "1"]
[SourceVersionDate "2017.10.13"]
[SourceQuality "1"]

1. e4 e5 2. f4 exf4 3. Nf3 Be7 4. Bc4 Bh4+ 5. Kf1 d6 6. d4 Bg4 7. Bxf4 Nc6 8. Be3 Qe7 9. Nc3 0-0-0 10. Qd2 Bxf3 11. gxf3 Qf6 12. Be2 Nh6 13. Rg1 Qe6 14. Bb5 Qf6 15. Be2 Rhg8 16. Bg5 Bxg5 17. Qxg5 Qxg5 18. Rxg5 Nxd4 19. Nd5 Rde8 20. c3 Nxe2 21. Kxe2 c6 22. Nb4 f5 23. Kd3 g6 24. Rag1 Nf7 25. R5g3 Ne5+ 26. Kc2 c5 27. Nd5 Rgf8 28. f4 Nc6 29. exf5 Rxf5 30. Rg5 Rxg5 31. Rxg5 Re2+ 32. Kc1 Rxh2 33. f5 gxf5 34. Rxf5 b6 35. Rf8+ Kb7 36. Rf7+ Ka6 37. Nc7+ Ka5 38. Nd5 h5 39. Rc7 Kb5 40. b3 Na5 41. Rxa7 c4 42. a4+ Kc5 43. b4+ Kxd5 44. bxa5 bxa5 45. Rxa5+ Kc6 46. Rg5 h4 47. Rh5 h3 48. a5 Rh1+ 49. Kc2 h2 50. Kb2 Kd7 51. a6 Kc7 52. a7 Kb7 53. Rh7+ Ka8 54. Kc2 Ra1 0-1

[Event "Stuttgart-chB int"]
[Site "Ditzingen"]
[Date "2014.05.29"]
[Round "1"]
[White "Schmitz, Harald"]
[Black "Juettner, Maik"]
[Result "1-0"]
[WhiteElo "1726"]
[BlackElo "1505"]
[PlyCount "85"]
[EventDate "2014.05.29"]
[EventType "swiss"]
[EventRounds "7"]
[EventCountry "GER"]
[SourceTitle "EXT 2015"]
[Source "ChessBase"]
[SourceDate "2014.11.20"]
[SourceVersion "1"]
[SourceVersionDate "2014.11.20"]
[SourceQuality "1"]

1. e4 e6 2. d4 d5 3. exd5 exd5 4. Bd3 Be6 5. Ne2 c5 6. c3 Nc6 7. 0-0 Qc7 8. Bf4 Bd6 9. Bxd6 Qxd6 10. dxc5 Qxc5 11. Re1 0-0-0 12. Nd2 g5 13. Nf3 h6 14. Ned4 Bd7 15. Qc2 Nge7 16. Re2 Bg4 17. Re3 Bxf3 18. Rxf3 Ne5 19. Re3 Nxd3 20. Qxd3 Kb8 21. Rae1 Nc6 22. b4 Qb6 23. a3 Nxd4 24. cxd4 Rc8 25. Re7 Rc4 26. Qg3+ Kc8 27. Qg4+ Kb8 28. Qd7 Rd8 29. Re8 Rcc8 30. Rxd8 Qxd8 31. Qxf7 Rc7 32. Qe8 Kc8 33. Qe6+ Kb8 34. Qxh6 Rc6 35. Qg7 Rc7 36. Qe5 Kc8 37. g3 b6 38. Qf5+ Kb7 39. Re5 Kc6 40. a4 Qg8 41. Re6+ Kb7 42. Qxd5+ Kb8 43. Rxb6+ 1-0

[Event "Stuttgart-chB int"]
[Site "Ditzingen"]
[Date "2012.05.19"]
[Round "5"]
[White "Hamm, Lukas"]
[Black "Schmitz, Harald"]
[Result "1/2-1/2"]
[WhiteElo "1890"]
[BlackElo "1733"]
[PlyCount "57"]
[EventDate "2012.05.17"]
[EventType "swiss"]
[EventRounds "7"]
[EventCountry "GER"]
[SourceTitle "EXT 2018"]
[Source "ChessBase"]
[SourceDate "2017.10.13"]
[SourceVersion "1"]
[SourceVersionDate "2017.10.13"]
[SourceQuality "1"]

1. e4 e6 2. d3 d5 3. Nd2 c5 4. Ngf3 Nc6 5. g3 Be7 6. Bg2 Nh6 7. 0-0 0-0 8. Re1 b6 9. Nf1 Bb7 10. Bxh6 gxh6 11. exd5 exd5 12. Ne3 Qd7 13. Qd2 Bf6 14. c3 Rae8 15. Nc2 Ne7 16. Qxh6 Ng6 17. Ng5 Bxg5 18. Qxg5 Rxe1+ 19. Rxe1 Re8 20. Qd2 Rxe1+ 21. Qxe1 Qb5 22. Ne3 Qxd3 23. h4 Ne5 24. Nxd5 Bxd5 25. Qxe5 Qb1+ 26. Kh2 Bxg2 27. Kxg2 Qxb2 28. h5 h6 29. Qe8+ 1/2-1/2

[Event "Stuttgart-chB int"]
[Site "Ditzingen"]
[Date "2012.05.17"]
[Round "2"]
[White "Schmitz, Harald"]
[Black "Zeitler, Waldemar"]
[Result "1/2-1/2"]
[WhiteElo "1733"]
[BlackElo "1596"]
[PlyCount "115"]
[EventDate "2012.05.17"]
[EventType "swiss"]
[EventRounds "7"]
[EventCountry "GER"]
[SourceTitle "EXT 2018"]
[Source "ChessBase"]
[SourceDate "2017.10.13"]
[SourceVersion "1"]
[SourceVersionDate "2017.10.13"]
[SourceQuality "1"]

1. e4 e5 2. Nf3 d6 3. d4 Bg4 4. dxe5 Bxf3 5. gxf3 dxe5 6. Qxd8+ Kxd8 7. Be3 c6 8. Nd2 Kc7 9. 0-0-0 Nd7 10. Bh3 Ngf6 11. f4 Re8 12. fxe5 Nxe5 13. f4 Ng6 14. f5 Ne5 15. Bf4 Nh5 16. Be3 Nf6 17. Rhe1 c5 18. Bf4 Kb6 19. Bxe5 Kc6 20. Bxf6 gxf6 21. Nf3 Bh6+ 22. Kb1 Bf4 23. Bf1 b5 24. c3 h5 25. Kc2 a6 26. a3 Re7 27. c4 Rhe8 28. Bd3 b4 29. axb4 cxb4 30. Ra1 Ra7 31. Nd4+ Kb6 32. Nb3 Bxh2 33. Rh1 Be5 34. Rxh5 Rg8 35. Re1 a5 36. c5+ Kc6 37. Bc4 a4 38. Bd5+ Kb5 39. Nc1 b3+ 40. Kb1 Rg3 41. Ne2 Rg2 42. Rh3 Kb4 43. c6 Ra8 44. Re3 Rag8 45. Bxf7 R8g7 46. Bd5 Rh2 47. Rc1 Rgg2 48. Rc4+ Kb5 49. Nc3+ Bxc3 50. Rcxc3 Rxb2+ 51. Kc1 Kb4 52. Rxb3+ axb3 53. c7 Rbc2+ 54. Kb1 Rxc7 55. e5 fxe5 56. Rxe5 Rcc2 57. f6 Rhf2 58. Re6 1/2-1/2

[Event "Stuttgart-chB int"]
[Site "Ditzingen"]
[Date "2012.05.17"]
[Round "1"]
[White "Wunder, Anton"]
[Black "Schmitz, Harald"]
[Result "1-0"]
[WhiteElo "1507"]
[BlackElo "1733"]
[PlyCount "89"]
[EventDate "2012.05.17"]
[EventType "swiss"]
[EventRounds "7"]
[EventCountry "GER"]
[SourceTitle "EXT 2018"]
[Source "ChessBase"]
[SourceDate "2017.10.13"]
[SourceVersion "1"]
[SourceVersionDate "2017.10.13"]
[SourceQuality "1"]

1. d4 Nf6 2. c4 g6 3. Nc3 d5 4. cxd5 Nxd5 5. e4 Nxc3 6. bxc3 c5 7. Bc4 Bg7 8. Be3 Nc6 9. Ne2 0-0 10. 0-0 cxd4 11. cxd4 Bg4 12. f3 Na5 13. Bxf7+ Rxf7 14. fxg4 Rxf1+ 15. Qxf1 Nc4 16. Bf2 Nd2 17. Qd1 Nxe4 18. Qb3+ Kh8 19. Be3 Qd7 20. Re1 Rc8 21. d5 b6 22. h3 Nc5 23. Bxc5 Rxc5 24. Rd1 Be5 25. Qf3 Kg8 26. Rf1 Qe8 27. Qe4 Bf6 28. Rxf6 Qd7 29. Qe6+ Qxe6 30. Rxe6 Kf7 31. Rc6 Rxd5 32. Rc7 Ra5 33. Rc2 Ra4 34. Kf2 Ke6 35. Ke3 Ke5 36. Kd3 Ra3+ 37. Nc3 Kf4 38. Re2 e5 39. Kc2 Ra5 40. Kb3 Rc5 41. Re4+ Kg3 42. Re2 Kf4 43. Rf2+ Ke3 44. Rf7 Kd2 45. Ne4+ 1-0

[Event "Stuttgart-chB int"]
[Site "Gerlingen"]
[Date "2011.06.03"]
[Round "4"]
[White "Schmitz, Harald"]
[Black "Haefele, Torsten"]
[Result "1/2-1/2"]
[WhiteElo "1739"]
[BlackElo "1574"]
[PlyCount "62"]
[EventDate "2011.06.02"]
[EventType "swiss"]
[EventRounds "7"]
[EventCountry "GER"]
[SourceTitle "EXT 2018"]
[Source "ChessBase"]
[SourceDate "2017.10.13"]
[SourceVersion "1"]
[SourceVersionDate "2017.10.13"]
[SourceQuality "1"]

1. e4 e6 2. d4 d5 3. exd5 exd5 4. Bd3 Nf6 5. Ne2 Bd6 6. 0-0 0-0 7. Bf4 Bg4 8. f3 Bh5 9. Re1 c6 10. c3 Qc7 11. Bxd6 Qxd6 12. Nd2 Nbd7 13. Nf1 Rae8 14. Qd2 Bg6 15. Nfg3 Bxd3 16. Qxd3 g6 17. Qd2 Re7 18. Qf4 Qxf4 19. Nxf4 Rfe8 20. Kf2 Nb6 21. b3 Kg7 22. Rxe7 Rxe7 23. Re1 Rxe1 24. Kxe1 a5 25. Nd3 Nfd7 26. Kd2 f6 27. Ne2 Kf7 28. g3 Ke7 29. f4 Ke6 30. h3 Kd6 31. g4 Ke6 1/2-1/2

[Event "Stuttgart-chB int"]
[Site "Ditzingen"]
[Date "2010.05.15"]
[Round "6"]
[White "Steimbach, Isabel"]
[Black "Schmitz, Harald"]
[Result "1/2-1/2"]
[WhiteElo "1543"]
[BlackElo "1741"]
[PlyCount "55"]
[EventDate "2010.05.13"]
[EventType "swiss"]
[EventRounds "7"]
[EventCountry "GER"]
[SourceTitle "EXT 2018"]
[Source "ChessBase"]
[SourceDate "2017.10.13"]
[SourceVersion "1"]
[SourceVersionDate "2017.10.13"]
[SourceQuality "1"]

1. e4 e6 2. d4 d5 3. e5 c5 4. c3 Nc6 5. Nf3 Bd7 6. a3 Qb6 7. b4 cxd4 8. cxd4 Rc8 9. Bb2 Nh6 10. Nbd2 a5 11. b5 Ne7 12. a4 Ng6 13. g3 Bb4 14. Bd3 0-0 15. 0-0 f5 16. Nb3 Qd8 17. Ba3 Bxa3 18. Rxa3 b6 19. Qd2 Qe7 20. Raa1 Nf7 21. Kg2 h6 22. h4 Ngh8 23. h5 Ng5 24. Nxg5 Qxg5 25. Qxg5 hxg5 26. Rac1 Nf7 27. f3 Nh6 28. Be2 1/2-1/2

[Event "Stuttgart-chB int"]
[Site "Ditzingen"]
[Date "2010.05.14"]
[Round "3"]
[White "Burkhardt, Adrian"]
[Black "Schmitz, Harald"]
[Result "1/2-1/2"]
[WhiteElo "1436"]
[BlackElo "1741"]
[PlyCount "49"]
[EventDate "2010.05.13"]
[EventType "swiss"]
[EventRounds "7"]
[EventCountry "GER"]
[SourceTitle "EXT 2018"]
[Source "ChessBase"]
[SourceDate "2017.10.13"]
[SourceVersion "1"]
[SourceVersionDate "2017.10.13"]
[SourceQuality "1"]

1. e4 e6 2. d4 d5 3. exd5 exd5 4. Nc3 Nf6 5. Nf3 Bf5 6. Bd3 Bxd3 7. Qxd3 Bd6 8. Qb5+ Nbd7 9. Nxd5 Nxd5 10. Qxd5 Qe7+ 11. Be3 0-0-0 12. 0-0-0 Nb6 13. Qb3 f6 14. Rhe1 Qd7 15. h3 Rhe8 16. Nd2 Bf8 17. Nc4 Nd5 18. Re2 Nf4 19. Bxf4 Rxe2 20. Be3 Re8 21. Qd3 R2xe3 22. Nxe3 g6 23. Ng4 Bg7 24. c3 Qe6 25. Ne3 1/2-1/2

[Event "Stuttgart-chB int"]
[Site "Ditzingen"]
[Date "2010.05.13"]
[Round "1"]
[White "Hengster, Pascal"]
[Black "Schmitz, Harald"]
[Result "1-0"]
[WhiteElo "1514"]
[BlackElo "1741"]
[PlyCount "48"]
[EventDate "2010.05.13"]
[EventType "swiss"]
[EventRounds "7"]
[EventCountry "GER"]
[SourceTitle "EXT 2018"]
[Source "ChessBase"]
[SourceDate "2017.10.13"]
[SourceVersion "1"]
[SourceVersionDate "2017.10.13"]
[SourceQuality "1"]

1. d4 d5 2. Nf3 Nf6 3. e3 e6 4. Bd3 c5 5. c3 Nc6 6. Nbd2 Bd7 7. 0-0 cxd4 8. exd4 Bd6 9. Re1 Qc7 10. Qe2 0-0 11. Ne5 Rad8 12. Nf1 Rfe8 13. Bg5 Be7 14. Qf3 h6 15. Bxh6 Nxe5 16. dxe5 Ne4 17. Bxg7 Kxg7 18. Bxe4 dxe4 19. Rxe4 f5 20. exf6+ Bxf6 21. Ng3 Bg5 22. h4 Bh6 23. Rg4+ Kh8 24. Qf6+ Kh7 1-0

[Event "Stuttgart-chB int"]
[Site "Ditzingen"]
[Date "2009.05.23"]
[Round "6"]
[White "Boyarchenko, Vlada"]
[Black "Schmitz, Harald"]
[Result "1/2-1/2"]
[WhiteElo "1607"]
[BlackElo "1757"]
[PlyCount "28"]
[EventDate "2009.05.21"]
[EventType "swiss"]
[EventRounds "7"]
[EventCountry "GER"]
[SourceTitle "EXT 2018"]
[Source "ChessBase"]
[SourceDate "2017.10.13"]
[SourceVersion "1"]
[SourceVersionDate "2017.10.13"]
[SourceQuality "1"]

1. e4 e6 2. d4 d5 3. exd5 exd5 4. Qf3 Nf6 5. h3 Be7 6. Bd3 0-0 7. Ne2 Re8 8. 0-0 Nc6 9. c3 h6 10. Nf4 Bf8 11. Nh5 Nxh5 12. Qxh5 Qd6 13. Nd2 g6 14. Qh4 Qe7 1/2-1/2

[Event "Stuttgart-chB int"]
[Site "Gerlingen"]
[Date "2007.05.19"]
[Round "5"]
[White "Bohnert, Peter"]
[Black "Schmitz, Harald"]
[Result "1/2-1/2"]
[WhiteElo "1818"]
[BlackElo "1613"]
[PlyCount "82"]
[EventDate "2007.05.17"]
[EventType "swiss"]
[EventRounds "7"]
[EventCountry "GER"]
[SourceTitle "EXT 2018"]
[Source "ChessBase"]
[SourceDate "2017.10.13"]
[SourceVersion "1"]
[SourceVersionDate "2017.10.13"]
[SourceQuality "1"]

1. f4 d5 2. Nf3 Nf6 3. e3 e6 4. b3 c5 5. Bb2 Nc6 6. Bb5 Bd7 7. 0-0 Be7 8. d3 0-0 9. Nbd2 a6 10. Bxc6 Bxc6 11. Ne5 Nd7 12. Nxc6 bxc6 13. e4 Bf6 14. e5 Be7 15. Qg4 Re8 16. f5 exf5 17. Rxf5 Bf8 18. Raf1 Re7 19. Nf3 g6 20. Rf4 Bg7 21. Ng5 Nxe5 22. Bxe5 Bxe5 23. Rxf7 Bd4+ 24. Kh1 Rxf7 25. Nxf7 Qe7 26. Nh6+ Kh8 27. Qf4 Be3 28. Qe5+ Qxe5 29. Nf7+ Kg8 30. Nxe5 Rc8 31. g3 Bd4 32. Nf3 Rf8 33. Kg2 Kg7 34. Re1 Kf6 35. Nxd4 cxd4 36. Rf1+ Kg7 37. Rxf8 Kxf8 38. Kf3 Kf7 39. Kf4 Kf6 40. h4 c5 41. g4 h6 1/2-1/2

[Event "Stuttgart-chB int"]
[Site "Gerlingen"]
[Date "2007.05.18"]
[Round "3"]
[White "Schmitz, Harald"]
[Black "Florio, Antonio"]
[Result "0-1"]
[WhiteElo "1613"]
[BlackElo "1797"]
[PlyCount "44"]
[EventDate "2007.05.17"]
[EventType "swiss"]
[EventRounds "7"]
[EventCountry "GER"]
[SourceTitle "EXT 2018"]
[Source "ChessBase"]
[SourceDate "2017.10.13"]
[SourceVersion "1"]
[SourceVersionDate "2017.10.13"]
[SourceQuality "1"]

1. e4 c5 2. Nc3 g6 3. g3 Bg7 4. Nge2 e6 5. Bg2 Ne7 6. 0-0 0-0 7. d3 Nbc6 8. Be3 Nd4 9. Qd2 Nec6 10. a3 Qa5 11. Rae1 b5 12. Qc1 b4 13. axb4 cxb4 14. Bxd4 Nxd4 15. Nxd4 bxc3 16. Nb3 Qa2 17. bxc3 Bxc3 18. Rd1 Rb8 19. f4 Ba6 20. Rf3 Rfc8 21. Qb1 Qxb1 22. Rxb1 Bd4+ 0-1